000 00358 a2200133 4500
000 nam a22 7a 4500
100 _a Christoph Dürr
110 _a Christoph Dürr
245 _aCOMPETITIVE PROGRAMMING IN PYTHON
250 _alatest edition
260 _bCambridge University Press
_c2023
264 _bCambridge University Press
_c2023
942 _cBK
999 _c397167
_d397167